[Event "Mercredi 2014.09.03 ABCDE"]
[Site "Montreal CAN"]
[Date "2014.09.03"]
[Round "1"]
[White "Gauthier, Luc"]
[Black "Lessard, Sylvain"]
[Result "1-0"]
[WhiteElo "1762"]
[BlackElo "1631"]
[PlyCount "61"]
[EventDate "2014.09.03"]
[EventType "tourn"]
[EventRounds "5"]
[EventCountry "CAN"]

1. e4 Nf6 2. e5 Nd5 3. c4 Nb6 4. c5 Nd5 5. Nc3 e6 6. Nxd5 exd5 7. d4 d6 8. cxd6
cxd6 9. Nf3 Nc6 10. exd6 Bxd6 11. Bg5 Qa5+ 12. Bd2 Qb6 13. Bd3 O-O 14. O-O h6
15. Qc2 Bg4 16. Nh4 Nxd4 17. Qa4 Bd7 18. Qxd7 Rad8 19. Qg4 f5 20. Nxf5 Nxf5 21.
Bxf5 d4 22. Be6+ Kh8 23. Bb3 Rf6 24. Rac1 Rdf8 25. Rc8 Rxc8 26. Qxc8+ Rf8 27.
Qe6 Qc7 28. g3 Qd8 29. Bc2 Rf6 30. Qe4 g5 31. Qh7# 1-0

[Event "Mercredi 2014.09.03 ABCDE"]
[Site "Montreal CAN"]
[Date "2014.09.03"]
[Round "1"]
[White "Johnson-Constantin, Matthieu"]
[Black "Salazar, Andres"]
[Result "1-0"]
[WhiteElo "1755"]
[BlackElo "1747"]
[PlyCount "79"]
[EventDate "2014.09.03"]
[EventType "tourn"]
[EventRounds "5"]
[EventCountry "CAN"]

1. d4 c5 2. d5 d6 3. c4 Nf6 4. Nc3 g6 5. Nf3 Bg4 6. e4 Bg7 7. Be2 O-O 8. O-O a6
9. h3 Bxf3 10. Bxf3 e6 11. dxe6 Nc6 12. exf7+ Rxf7 13. Be3 Qe7 14. Re1 Qe6 15.
Nd5 Raf8 16. Nxf6+ Qxf6 17. Rb1 Qh4 18. Bg4 Rxf2 19. Bxf2 Qxf2+ 20. Kh1 Be5 21.
Rf1 Qg3 22. Rxf8+ Kg7 23. Qg1 Kxf8 24. Rf1+ Ke7 25. Rf3 Qh4 26. Qf1 h5 27. Rf7+
Kd8 28. Rd7+ Kc8 29. Qf8+ Nd8 30. Rxd8+ Kc7 31. Rd7+ Kb6 32. Qd8+ Qxd8 33. Rxd8
hxg4 34. hxg4 g5 35. Rg8 Bf4 36. g3 Bc1 37. Kg2 Kc7 38. Kf3 b5 39. b3 b4 40. e5
1-0

[Event "Mercredi 2014.09.03 ABCDE"]
[Site "Montreal CAN"]
[Date "2014.09.03"]
[Round "1"]
[White "Lamoureux, Yvon"]
[Black "Millette, Sylvain"]
[Result "0-1"]
[WhiteElo "1676"]
[BlackElo "1727"]
[PlyCount "50"]
[EventDate "2014.09.03"]
[EventType "tourn"]
[EventRounds "5"]
[EventCountry "CAN"]

1. e4 Nf6 2. e5 Nd5 3. c4 Nb6 4. d4 d6 5. f4 dxe5 6. fxe5 c5 7. d5 g6 8. Bd3
Bg7 9. Bf4 O-O 10. Nf3 Bg4 11. O-O e6 12. d6 Nc6 13. Nbd2 Nxe5 14. Bxe5 Bxe5
15. Ne4 f5 16. Neg5 Qxd6 17. h3 Bxf3 18. Nxf3 Bxb2 19. Rb1 Bg7 20. Qb3 e5 21.
Rfd1 Qf6 22. Ne1 e4 23. Be2 Qc3 24. Qb5 Qe3+ 25. Kh1 Qxe2 0-1

[Event "Mercredi 2014.09.03 ABCDE"]
[Site "Montreal CAN"]
[Date "2014.09.03"]
[Round "1"]
[White "Luo, Zhao Yang"]
[Black "Lopez Linares, Lizandro"]
[Result "1/2-1/2"]
[WhiteElo "2051"]
[BlackElo "2125"]
[PlyCount "92"]
[EventDate "2014.09.03"]
[EventType "tourn"]
[EventRounds "5"]
[EventCountry "CAN"]

1. d4 c5 2. e3 cxd4 3. exd4 d5 4. Nf3 Nf6 5. Bd3 Bg4 6. O-O Nc6 7. c3 Qc7 8.
Bg5 e6 9. Nbd2 Bd6 10. Qa4 Bh5 11. h3 O-O 12. Qc2 Bg6 13. Rfe1 Nb4 14. cxb4
Qxc2 15. Bxc2 Bxc2 16. Rac1 Rfc8 17. a3 Rc7 18. Ne5 Rac8 19. Be3 Kf8 20. Nb1
Bxb1 21. Rxb1 Bxe5 22. dxe5 Nd7 23. f4 Ke7 24. Rbd1 a6 25. Re2 Rc4 26. Kf2 b6
27. Rd3 a5 28. Rb3 axb4 29. axb4 d4 30. Bd2 b5 31. Rd3 Nb6 32. b3 Rc2 33. Rxd4
Nd5 34. Be1 f6 35. exf6+ gxf6 36. f5 Rxe2+ 37. Kxe2 Rc2+ 38. Kf3 Rb2 39. Rd3
Kd6 40. Bf2 exf5 41. Bd4 Rb1 42. Bxf6 Ke6 43. Bg5 Nxb4 44. Re3+ Kf7 45. Kf2 Kg6
46. h4 Nd5 1/2-1/2

[Event "Mercredi 2014.09.03 ABCDE"]
[Site "Montreal CAN"]
[Date "2014.09.03"]
[Round "1"]
[White "Nardone, Raul"]
[Black "Lalonde, Paul"]
[Result "0-1"]
[WhiteElo "1842"]
[BlackElo "1815"]
[PlyCount "78"]
[EventDate "2014.09.03"]
[EventType "tourn"]
[EventRounds "5"]
[EventCountry "CAN"]

1. d4 Nf6 2. Nf3 d6 3. Nc3 c6 4. e4 b5 5. Bd3 Bg4 6. h3 Bh5 7. Bg5 Nbd7 8. g4
Bg6 9. Nh4 b4 10. Nxg6 hxg6 11. Nb1 Qa5 12. Bd2 e5 13. c3 d5 14. exd5 Qxd5 15.
Rh2 exd4 16. Qe2+ Be7 17. g5 Ne5 18. gxf6 dxc3 19. bxc3 Nxd3+ 20. Kf1 gxf6 21.
cxb4 O-O 22. Nc3 Qd6 23. Kg1 Ne5 24. Re1 Qxd2 25. Qxd2 Nf3+ 26. Kg2 Nxd2 27.
Rxe7 Rfe8 28. Rc7 Re6 29. Rh1 a5 30. bxa5 Rxa5 31. h4 Ra3 32. Rd7 Nc4 33. Rc1
Ne5 34. Rc7 Nd3 35. Rc8+ Kg7 36. Nb1 Rxa2 37. Rf1 Ra4 38. Kg3 f5 39. Nd2 Rg4+
0-1

[Event "Mercredi 2014.09.03 ABCDE"]
[Site "Montreal CAN"]
[Date "2014.09.03"]
[Round "1"]
[White "O'Connor, Michael"]
[Black "Cote, Philippe"]
[Result "1-0"]
[WhiteElo "1762"]
[BlackElo "1708"]
[PlyCount "40"]
[EventDate "2014.09.03"]
[EventType "tourn"]
[EventRounds "5"]
[EventCountry "CAN"]

1. e4 d6 2. g3 g6 3. Bg2 Nf6 4. d4 Bg7 5. c4 O-O 6. Nc3 e5 7. dxe5 dxe5 8. Bg5
c6 9. Qxd8 Rxd8 10. Nf3 Nbd7 11. Rd1 Re8 12. O-O Nf8 13. h3 Ne6 14. Be3 Nd7 15.
Na4 Bf8 16. Nh2 Nb6 17. Nxb6 axb6 18. a3 Bc5 19. Ng4 Kh8 20. Nxe5 Ng7 1-0

[Event "Mercredi 2014.09.03 ABCDE"]
[Site "Montreal CAN"]
[Date "2014.09.03"]
[Round "1"]
[White "Pilon, Denis"]
[Black "Nesterov, Timour"]
[Result "0-1"]
[WhiteElo "1472"]
[BlackElo "1471"]
[PlyCount "60"]
[EventDate "2014.09.03"]
[EventType "tourn"]
[EventRounds "5"]
[EventCountry "CAN"]

1. e4 e5 2. Nf3 Nc6 3. c3 Nf6 4. d4 exd4 5. e5 Nd5 6. cxd4 Bb4+ 7. Bd2 Bxd2+ 8.
Qxd2 d6 9. Nc3 Nxc3 10. bxc3 dxe5 11. Nxe5 Nxe5 12. dxe5 Qxd2+ 13. Kxd2 Be6 14.
Bd3 O-O-O 15. Kc2 Bd5 16. f3 Rhe8 17. f4 h6 18. Rhg1 f6 19. exf6 gxf6 20. g3
Re3 21. Bf5+ Kb8 22. Bd3 Bxa2 23. Rxa2 Rdxd3 24. Ra3 Rd6 25. Rg2 Rde6 26. Kd1
b6 27. Kd2 a5 28. h4 Rf3 29. Ra4 Ree3 30. Ra3 Rxg3 0-1

[Event "Mercredi 2014.09.03 ABCDE"]
[Site "Montreal CAN"]
[Date "2014.09.03"]
[Round "1"]
[White "Struben, Jeroen"]
[Black "Zumsteg, Nicolas"]
[Result "1-0"]
[WhiteElo "1772"]
[BlackElo "1692"]
[PlyCount "69"]
[EventDate "2014.09.03"]
[EventType "tourn"]
[EventRounds "5"]
[EventCountry "CAN"]

1. d4 Nf6 2. c4 g6 3. g3 Bg7 4. Nf3 O-O 5. Bg2 d6 6. Nc3 Na6 7. e4 c5 8. d5 e6
9. O-O exd5 10. cxd5 Ng4 11. Bg5 Qb6 12. Na4 Qc7 13. Nc3 Bd7 14. Bf4 Ne5 15.
Nxe5 dxe5 16. Bg5 Qd6 17. Qb3 b6 18. Nb5 Bxb5 19. Qxb5 Nc7 20. Qd3 a6 21. a4 b5
22. b3 Ne6 23. Be3 Nd4 24. Rfc1 f5 25. Bxd4 exd4 26. axb5 fxe4 27. Bxe4 axb5
28. Qxb5 Rxa1 29. Rxa1 d3 30. Ra2 Bd4 31. Qxd3 Qb6 32. Qc4 Qb4 33. d6+ Qxc4 34.
bxc4 Bxf2+ 35. Rxf2 1-0

[Event "Mercredi 2014.09.03 ABCDE"]
[Site "Montreal CAN"]
[Date "2014.09.10"]
[Round "2"]
[White "Baran, Marius"]
[Black "Nardone, Raul"]
[Result "1-0"]
[WhiteElo "1812"]
[BlackElo "1842"]
[PlyCount "77"]
[EventDate "2014.09.03"]
[EventType "tourn"]
[EventRounds "5"]
[EventCountry "CAN"]

1. e4 d5 2. exd5 Qxd5 3. Nc3 Qd6 4. d4 Nf6 5. Be2 g6 6. Be3 Bg7 7. Nf3 c6 8.
O-O Bg4 9. h3 Bxf3 10. Bxf3 O-O 11. Qd2 Na6 12. Rad1 Nb4 13. Bf4 Qd8 14. Be5 e6
15. Na4 Nbd5 16. b3 Nb6 17. Nc5 Qe7 18. c4 Rfd8 19. Qf4 Ne8 20. Qe3 Nc8 21.
Rfe1 Ncd6 22. g4 Rac8 23. Bxg7 Nxg7 24. d5 b6 25. Nd3 cxd5 26. cxd5 Qh4 27. Nf4
exd5 28. Bxd5 Re8 29. Qd3 Qf6 30. Rxe8+ Ndxe8 31. Bb7 Rc5 32. Nd5 Qb2 33. Rd2
Rc1+ 34. Kg2 Qa1 35. Ne7+ Kh8 36. Qf3 Rg1+ 37. Kh2 Ne6 38. Qxf7 Rh1+ 39. Bxh1
1-0

[Event "Mercredi 2014.09.03 ABCDE"]
[Site "Montreal CAN"]
[Date "2014.09.10"]
[Round "2"]
[White "Barko, Maxim"]
[Black "Fortin-Lavoie, Patrice"]
[Result "0-1"]
[WhiteElo "1872"]
[BlackElo "1854"]
[PlyCount "54"]
[EventDate "2014.09.03"]
[EventType "tourn"]
[EventRounds "5"]
[EventCountry "CAN"]

1. d4 d5 2. c4 Nc6 3. cxd5 Qxd5 4. Nf3 e5 5. Nc3 Bb4 6. Bd2 Bxc3 7. Bxc3 e4 8.
Ne5 Nxe5 9. dxe5 Ne7 10. e3 O-O 11. Qc2 Bf5 12. Be2 Nc6 13. g4 Bg6 14. h4 h6
15. h5 Bh7 16. g5 hxg5 17. h6 Rfd8 18. hxg7 Nxe5 19. Bd4 Nd3+ 20. Kf1 Qf5 21.
f3 c5 22. Bc3 exf3 23. Bxd3 Rxd3 24. Kf2 Rad8 25. Rae1 c4 26. Rh5 Qg4 27. Rh2
R3d6 0-1

[Event "Mercredi 2014.09.03 ABCDE"]
[Site "Montreal CAN"]
[Date "2014.09.10"]
[Round "2"]
[White "Cloutier, Mathieu"]
[Black "Vignalou, Joseph"]
[Result "1-0"]
[WhiteElo "1993"]
[BlackElo "1978"]
[PlyCount "69"]
[EventDate "2014.09.03"]
[EventType "tourn"]
[EventRounds "5"]
[EventCountry "CAN"]

1. e4 e5 2. Nf3 Nc6 3. Bb5 a6 4. Ba4 Nf6 5. O-O Be7 6. Re1 b5 7. Bb3 O-O 8. h3
d6 9. c3 Na5 10. Bc2 c5 11. d3 Bd7 12. Nbd2 Qc7 13. Nf1 Rab8 14. b3 Rfc8 15.
Bd2 c4 16. dxc4 bxc4 17. b4 Nc6 18. Qe2 a5 19. a3 axb4 20. axb4 Na7 21. Ne3 Nb5
22. Ra5 Ra8 23. Rea1 Rxa5 24. Rxa5 Bd8 25. Ra1 Qc6 26. Nf1 Ra8 27. Rxa8 Qxa8
28. Qxc4 Na3 29. Qa2 Bc6 30. Bb3 Bxe4 31. Bxf7+ Kf8 32. Ng5 Bxg2 33. Qe6 Be7
34. Ne3 Bh1 35. Bg6 1-0

[Event "Mercredi 2014.09.03 ABCDE"]
[Site "Montreal CAN"]
[Date "2014.09.10"]
[Round "2"]
[White "Cote, Philippe"]
[Black "Johnson-Constantin, Matthieu"]
[Result "1/2-1/2"]
[WhiteElo "1708"]
[BlackElo "1755"]
[PlyCount "64"]
[EventDate "2014.09.03"]
[EventType "tourn"]
[EventRounds "5"]
[EventCountry "CAN"]

1. e4 e6 2. d3 d5 3. Nd2 d4 4. f4 Bb4 5. Ngf3 c5 6. Be2 Nf6 7. O-O Nc6 8. e5
Bxd2 9. Bxd2 Nd5 10. Ng5 Nce7 11. Ne4 Nf5 12. Rf3 b6 13. g4 Nfe3 14. Bxe3 Nxe3
15. Rxe3 dxe3 16. Nd6+ Ke7 17. d4 Qc7 18. c3 Rd8 19. Qd3 Rxd6 20. exd6+ Qxd6
21. Qxe3 cxd4 22. Qe4 Rb8 23. Rd1 Bb7 24. Qxd4 Qc6 25. Bf3 Qc5 26. Qxc5+ bxc5
27. Bxb7 Rxb7 28. Rd2 c4 29. Kf2 Kf6 30. Kf3 h5 31. h3 hxg4+ 32. hxg4 g5
1/2-1/2

[Event "Mercredi 2014.09.03 ABCDE"]
[Site "Montreal CAN"]
[Date "2014.09.10"]
[Round "2"]
[White "Gauthier, Luc"]
[Black "Lamoureux, Yvon"]
[Result "1-0"]
[WhiteElo "1762"]
[BlackElo "1676"]
[PlyCount "46"]
[EventDate "2014.09.03"]
[EventType "tourn"]
[EventRounds "5"]
[EventCountry "CAN"]

1. e4 c5 2. d4 cxd4 3. c3 d3 4. Bxd3 Nc6 5. c4 g6 6. Nc3 Bg7 7. Nf3 d6 8. h3
Nf6 9. O-O O-O 10. Be3 Nd7 11. Rc1 Nde5 12. Nxe5 Nxe5 13. b3 Nxd3 14. Qxd3 Kh8
15. Rfd1 f5 16. c5 Rf6 17. e5 Re6 18. exd6 exd6 19. cxd6 Bd7 20. Nb5 Be5 21.
Bd4 Bxb5 22. Qxb5 Bxd4 23. Rxd4 Rxd6 1-0

[Event "Mercredi 2014.09.03 ABCDE"]
[Site "Montreal CAN"]
[Date "2014.09.10"]
[Round "2"]
[White "Heredia, Jose"]
[Black "Forget, Luc"]
[Result "0-1"]
[WhiteElo "1901"]
[BlackElo "1966"]
[PlyCount "154"]
[EventDate "2014.09.03"]
[EventType "tourn"]
[EventRounds "5"]
[EventCountry "CAN"]

1. e4 e5 2. Nf3 Nc6 3. Bb5 a6 4. Ba4 Nf6 5. O-O Be7 6. Re1 b5 7. Bb3 O-O 8. c3
d6 9. h3 Na5 10. Bc2 c5 11. d3 Bd7 12. Nbd2 Rc8 13. Nf1 b4 14. c4 Nc6 15. Ba4
Nd4 16. Bxd7 Qxd7 17. Nxd4 cxd4 18. f4 g6 19. Ng3 Ne8 20. f5 Qd8 21. Rf1 Bg5
22. b3 Bxc1 23. Rxc1 Qg5 24. Qe1 Nf6 25. Rf3 h5 26. Ne2 a5 27. Rc2 Nd7 28. h4
Qh6 29. f6 Rfe8 30. Ng3 Re6 31. Rcf2 Qh8 32. Qf1 Ra8 33. Ne2 Qh6 34. Qc1 Qxc1+
35. Nxc1 Ree8 36. Kf1 Nc5 37. Rb2 Reb8 38. Ke2 Kf8 39. Kd2 Ke8 40. Ne2 Kd7 41.
Ng1 a4 42. Rf1 axb3 43. axb3 Ra3 44. Kc2 Rba8 45. Nf3 Ra2 46. Rfb1 Rxb2+ 47.
Rxb2 Ra1 48. Ng5 Ke8 49. Nf3 Rf1 50. Ra2 Rf2+ 51. Nd2 Rxg2 52. Ra8+ Kd7 53. Rb8
Nxb3 54. Kxb3 Rxd2 55. Rxb4 Rxd3+ 56. Ka4 Rc3 57. Kb5 d3 58. Rb1 d2 59. Rd1 Rd3
60. c5 dxc5 61. Kxc5 Ke6 62. Kc4 Rd4+ 63. Kc3 Kxf6 64. Rf1+ Ke6 65. Rd1 f5 66.
Rxd2 Rxd2 67. Kxd2 f4 68. Kc3 Kf6 69. Kd3 g5 70. hxg5+ Kxg5 71. Ke2 Kg4 72. Kf2
f3 73. Kf1 Kf4 74. Kf2 Kxe4 75. Kf1 Ke3 76. Ke1 f2+ 77. Kf1 e4 0-1

[Event "Mercredi 2014.09.03 ABCDE"]
[Site "Montreal CAN"]
[Date "2014.09.10"]
[Round "2"]
[White "Kay, Sang Kil"]
[Black "Pilon, Denis"]
[Result "1-0"]
[WhiteElo "1429"]
[BlackElo "1472"]
[PlyCount "69"]
[EventDate "2014.09.03"]
[EventType "tourn"]
[EventRounds "5"]
[EventCountry "CAN"]

1. d4 d5 2. Bf4 Nf6 3. Nf3 e6 4. e3 c5 5. c3 Nc6 6. Bd3 c4 7. Bc2 Be7 8. Nbd2
O-O 9. h4 b5 10. Ne5 Bb7 11. g4 Nxe5 12. dxe5 Nd7 13. g5 Qc7 14. Nf3 Bc5 15. h5
Qc6 16. Bxh7+ Kxh7 17. g6+ Kg8 18. Nd4 Bxd4 19. exd4 f5 20. h6 Rfe8 21. Qh5 Nf6
22. exf6 e5 23. f7+ Kf8 24. hxg7+ Kxg7 25. fxe8=Q Rxe8 26. Bxe5+ Kf8 27. Qxf5+
Ke7 28. O-O-O Rf8 29. Rh7+ Ke8 30. Qh5 Kd8 31. g7 Re8 32. Rh8 Bc8 33. Rxe8+
Qxe8 34. Qxe8+ Kxe8 35. g8=Q+ 1-0

[Event "Mercredi 2014.09.03 ABCDE"]
[Site "Montreal CAN"]
[Date "2014.09.10"]
[Round "2"]
[White "Lessard, Sylvain"]
[Black "Gates, Claude-Eric"]
[Result "1/2-1/2"]
[WhiteElo "1631"]
[BlackElo "1637"]
[PlyCount "139"]
[EventDate "2014.09.03"]
[EventType "tourn"]
[EventRounds "5"]
[EventCountry "CAN"]

1. c4 e6 2. e4 d5 3. cxd5 exd5 4. exd5 Nf6 5. Bb5+ Bd7 6. Bc4 Bd6 7. Nf3 O-O 8.
O-O b5 9. Bb3 Bg4 10. d3 Nbd7 11. h3 Bh5 12. Bg5 h6 13. Bh4 Re8 14. Nc3 Qc8 15.
Bg3 Ne5 16. Bxe5 Rxe5 17. Nxb5 Rg5 18. Nxd6 cxd6 19. Kh2 Qf5 20. Rc1 Qf4+ 21.
Kh1 Rf5 22. Re1 g5 23. Rc4 Qxf3 24. Qxf3 Bxf3 25. gxf3 Rxf3 26. Kg2 Rxd3 27.
Rc7 Nxd5 28. Bxd5 Rxd5 29. Ree7 Rf5 30. Rxa7 Rd8 31. Rad7 Rb8 32. b3 Ra8 33. a4
Rb8 34. Rb7 Rc8 35. Rec7 Re8 36. Rc2 Ra8 37. Rd2 d5 38. Rb5 Rd8 39. b4 Rd6 40.
a5 Rf4 41. Rb8+ Kg7 42. b5 Rb4 43. b6 g4 44. b7 gxh3+ 45. Kxh3 d4 46. a6 Rxa6
47. Rxd4 Ra3+ 48. Kg2 Rxd4 49. Rg8+ Kxg8 50. b8=Q+ Kh7 51. Qb1+ Kg8 52. Qb8+
Kh7 53. Qb1+ Kg7 54. Qb2 Raa4 55. Kf3 Rab4 56. Qc3 Rbc4 57. Qb2 Kg6 58. Qb1+
Kg5 59. Qb5+ f5 60. Qb8 Rf4+ 61. Kg2 Rg4+ 62. Kh2 Rh4+ 63. Kg2 Rcg4+ 64. Kf1
Rh1+ 65. Ke2 Re4+ 66. Kd2 Rhe1 67. Qg8+ Kh5 68. Qf7+ Kg5 69. Qg7+ Kh5 70. Qf7+
1/2-1/2

[Event "Mercredi 2014.09.03 ABCDE"]
[Site "Montreal CAN"]
[Date "2014.09.10"]
[Round "2"]
[White "Lopez Linares, Lizandro"]
[Black "Tremblay, Alain"]
[Result "1/2-1/2"]
[WhiteElo "2125"]
[BlackElo "2149"]
[PlyCount "91"]
[EventDate "2014.09.03"]
[EventType "tourn"]
[EventRounds "5"]
[EventCountry "CAN"]

1. d4 e6 2. Nf3 d5 3. c4 c6 4. cxd5 exd5 5. Qc2 Na6 6. a3 Nc7 7. Nc3 Nf6 8. Bg5
Be7 9. e3 h6 10. Bh4 O-O 11. Bd3 Be6 12. O-O Rc8 13. b4 Nb5 14. Na4 Nd7 15. Bg3
Bd6 16. Nc5 Bxg3 17. hxg3 Nd6 18. Nxe6 fxe6 19. e4 dxe4 20. Bxe4 Nxe4 21. Qxe4
Qf6 22. Rfe1 Rce8 23. Re2 Qf5 24. Qe3 Qd5 25. Rae1 Rf6 26. Ne5 Rd8 27. f4 Nb6
28. Nf3 Nc4 29. Qb3 b5 30. a4 a6 31. axb5 axb5 32. Qa2 Rg6 33. Kf2 Rf6 34. Qa7
Rd7 35. Qc5 Qxc5 36. dxc5 Kf7 37. Ra1 g5 38. fxg5 hxg5 39. g4 Nd2 40. Ra6 Nxf3
41. gxf3 Rd3 42. Re3 Rxe3 43. Kxe3 Rf4 44. Rxc6 Rxb4 45. Rb6 Kf6 46. c6 1/2-1/2

[Event "Mercredi 2014.09.03 ABCDE"]
[Site "Montreal CAN"]
[Date "2014.09.10"]
[Round "2"]
[White "Luo, Zhao Yang"]
[Black "Cardin, Guillaume"]
[Result "1-0"]
[WhiteElo "2051"]
[BlackElo "2011"]
[PlyCount "65"]
[EventDate "2014.09.03"]
[EventType "tourn"]
[EventRounds "5"]
[EventCountry "CAN"]

1. d4 f5 2. Nf3 Nf6 3. g3 e6 4. Bg2 d5 5. O-O Bd6 6. c4 c6 7. Qc2 O-O 8. Bd2
Qe7 9. a3 a5 10. Rc1 Bd7 11. Qb3 Be8 12. c5 Bc7 13. Qxb7 Ra6 14. Ng5 Bf7 15.
Bf1 Bd6 16. Qb3 Bc7 17. Nc3 Ra7 18. Qa4 h6 19. Nxf7 Qxf7 20. b4 f4 21. Bxf4
Bxf4 22. gxf4 Ng4 23. e3 axb4 24. Qxb4 Rb7 25. Qa4 Qg6 26. Qc2 Rf5 27. Bg2 Qf7
28. Ne2 g5 29. h3 Nf6 30. Ng3 Qg6 31. Nxf5 exf5 32. Rab1 gxf4 33. f3 1-0

[Event "Mercredi 2014.09.03 ABCDE"]
[Site "Montreal CAN"]
[Date "2014.09.10"]
[Round "2"]
[White "Morin, Louis"]
[Black "Lalonde, Paul"]
[Result "1-0"]
[WhiteElo "1789"]
[BlackElo "1815"]
[PlyCount "73"]
[EventDate "2014.09.03"]
[EventType "tourn"]
[EventRounds "5"]
[EventCountry "CAN"]

1. e4 c5 2. Nf3 e6 3. d4 cxd4 4. c3 d3 5. Qxd3 d6 6. Be2 Nc6 7. O-O Nf6 8. Rd1
Qc7 9. Bf4 e5 10. Bg5 Be7 11. Na3 d5 12. Nb5 Qb8 13. Bxf6 dxe4 14. Qxe4 gxf6
15. Qh4 a6 16. Nd6+ Bxd6 17. Qxf6 Rg8 18. Qxd6 Qxd6 19. Rxd6 Ke7 20. Rd2 Be6
21. b3 Rac8 22. Rad1 f6 23. Nh4 Nd8 24. c4 Nf7 25. Bd3 Ng5 26. Bf5 Nf3+ 27.
Nxf3 Bxf5 28. Nh4 Be6 29. f4 Rg4 30. f5 Rxh4 31. fxe6 b5 32. g3 Rh5 33. Rd7+
Kxe6 34. g4 e4 35. gxh5 bxc4 36. bxc4 Rxc4 37. R7d4 1-0

[Event "Mercredi 2014.09.03 ABCDE"]
[Site "Montreal CAN"]
[Date "2014.09.10"]
[Round "2"]
[White "Pomerantz, Daniel"]
[Black "Nunez, Omar"]
[Result "0-1"]
[WhiteElo "1899"]
[BlackElo "1923"]
[PlyCount "84"]
[EventDate "2014.09.03"]
[EventType "tourn"]
[EventRounds "5"]
[EventCountry "CAN"]

1. e4 d5 2. exd5 Qxd5 3. Nc3 Qa5 4. d4 Nf6 5. Nf3 Ne4 6. Bd2 Nxd2 7. Qxd2 g6 8.
Bc4 Bg7 9. O-O O-O 10. Nd5 Qxd2 11. Nxd2 Na6 12. Nxe7+ Kh8 13. c3 Bd7 14. Nd5
b5 15. Bb3 c5 16. Nf3 Bc6 17. dxc5 Nxc5 18. Rad1 Nxb3 19. axb3 h5 20. Rd3 Bxd5
21. Rxd5 b4 22. Ne5 Rac8 23. c4 Rc7 24. Rfd1 Kh7 25. f4 Re8 26. Kf2 Bf8 27. Rd7
Re7 28. Rxc7 Rxc7 29. Kf3 Bg7 30. Rd7 Bxe5 31. Rxc7 Bxc7 32. Ke4 f5+ 33. Kd5
Bxf4 34. g3 Be3 35. c5 g5 36. c6 Bb6 37. Kc4 f4 38. gxf4 gxf4 39. Kd3 Kg6 40.
Ke4 Kg5 41. h3 Bc7 42. Kf3 Kf5 0-1

[Event "Mercredi 2014.09.03 ABCDE"]
[Site "Montreal CAN"]
[Date "2014.09.10"]
[Round "2"]
[White "Struben, Jeroen"]
[Black "O'Connor, Michael"]
[Result "1/2-1/2"]
[WhiteElo "1772"]
[BlackElo "1762"]
[PlyCount "52"]
[EventDate "2014.09.03"]
[EventType "tourn"]
[EventRounds "5"]
[EventCountry "CAN"]

1. d4 d5 2. c4 e6 3. Nf3 Nf6 4. e3 c6 5. b3 Bd6 6. Bd3 Nbd7 7. O-O Ne4 8. Bb2
f5 9. Nbd2 O-O 10. Rc1 Qf6 11. Ne5 Nxe5 12. dxe5 Bxe5 13. Ba3 Qh6 14. f4 Bd6
15. Bb2 e5 16. Rf3 exf4 17. Rh3 Qg6 18. cxd5 fxe3 19. Rxe3 Bc5 20. Rxc5 Nxc5
21. Bc2 Qd6 22. b4 f4 23. Qh5 Bf5 24. Bxf5 Rxf5 25. Re8+ Rxe8 26. Qxe8+ Rf8
1/2-1/2

[Event "Mercredi 2014.09.03 ABCDE"]
[Site "Montreal CAN"]
[Date "2014.09.10"]
[Round "2"]
[White "Weston, Paul"]
[Black "Boudreau, Daniel"]
[Result "0-1"]
[WhiteElo "2015"]
[BlackElo "2075"]
[PlyCount "60"]
[EventDate "2014.09.03"]
[EventType "tourn"]
[EventRounds "5"]
[EventCountry "CAN"]

1. e4 c5 2. Nf3 e6 3. c3 Nf6 4. d3 Nc6 5. g3 g6 6. Bg2 Bg7 7. O-O O-O 8. a4 a6
9. Na3 Rb8 10. Bg5 h6 11. Be3 d6 12. h3 e5 13. Qd2 Kh7 14. Nh2 Be6 15. f4 exf4
16. gxf4 Qd7 17. Rf3 Nh5 18. d4 cxd4 19. cxd4 d5 20. f5 gxf5 21. exf5 Bxf5 22.
Rxf5 Qxf5 23. Ng4 Ng3 24. Nc2 h5 25. Rf1 Nxf1 26. Bxf1 Qg6 27. Bd3 f5 28. Qg2
hxg4 29. hxg4 Rbd8 30. Qh2+ Kg8 0-1

[Event "Mercredi 2014.09.03 ABCDE"]
[Site "Montreal CAN"]
[Date "2014.09.10"]
[Round "2"]
[White "Zumsteg, Nicolas"]
[Black "Salazar, Andres"]
[Result "0-1"]
[WhiteElo "1692"]
[BlackElo "1747"]
[PlyCount "54"]
[EventDate "2014.09.03"]
[EventType "tourn"]
[EventRounds "5"]
[EventCountry "CAN"]

1. d4 c5 2. dxc5 e6 3. Nf3 Bxc5 4. Nc3 d5 5. e3 Ne7 6. Be2 Nbc6 7. O-O O-O 8.
Na4 Bd6 9. c4 b6 10. b3 Bb7 11. Bb2 Qc7 12. cxd5 Nxd5 13. Rc1 Rfd8 14. Qc2 Ndb4
15. Qb1 Rac8 16. Nc3 Ne5 17. Ng5 Ned3 18. Nd5 Bxh2+ 19. Kh1 Rxd5 20. Rxc7 Bxc7
21. Bf3 Rxg5 22. Bxb7 Rh5+ 23. Kg1 Bh2+ 24. Kh1 Rc2 25. Ba3 Bg3+ 26. Kg1 Nxf2
27. Qxc2 Rh1# 0-1

[Event "Mercredi 2014.09.03 ABCDE"]
[Site "Montreal CAN"]
[Date "2014.09.17"]
[Round "3"]
[White "Boudreau, Daniel"]
[Black "Luo, Zhao Yang"]
[Result "1-0"]
[WhiteElo "2075"]
[BlackElo "2051"]
[PlyCount "75"]
[EventDate "2014.09.03"]
[EventType "tourn"]
[EventRounds "5"]
[EventCountry "CAN"]

1. e4 c6 2. c4 d5 3. exd5 cxd5 4. cxd5 Qxd5 5. Nc3 Qa5 6. Nf3 Nf6 7. d4 e6 8.
Bd3 Bb4 9. Bd2 Nc6 10. a3 Be7 11. Rc1 O-O 12. Bb1 Rd8 13. Ne2 Qd5 14. Bc3 b6
15. Qd3 g6 16. h4 a5 17. Nf4 Qd6 18. Qd2 Nd5 19. Nxd5 exd5 20. h5 Bf8 21. hxg6
fxg6 22. Kf1 b5 23. Qg5 b4 24. Qh4 Qe7 25. Bd2 Ba6+ 26. Kg1 Qxh4 27. Rxh4 Rac8
28. a4 Re8 29. Ba2 Ne7 30. Re1 Bc4 31. b3 Bd3 32. Ne5 Nf5 33. Rh3 Be4 34. f3
Nxd4 35. Nd7 Re7 36. Nf6+ Kg7 37. Bg5 h5 38. fxe4 1-0

[Event "Mercredi 2014.09.03 ABCDE"]
[Site "Montreal CAN"]
[Date "2014.09.17"]
[Round "3"]
[White "Cardin, Guillaume"]
[Black "Lopez Linares, Lizandro"]
[Result "0-1"]
[WhiteElo "2011"]
[BlackElo "2125"]
[PlyCount "64"]
[EventDate "2014.09.03"]
[EventType "tourn"]
[EventRounds "5"]
[EventCountry "CAN"]

1. d4 d5 2. c4 c6 3. Nf3 Nf6 4. g3 g6 5. Bg2 Bg7 6. O-O O-O 7. Nbd2 Nbd7 8. b3
dxc4 9. bxc4 e5 10. Bb2 exd4 11. Nxd4 Re8 12. e4 Nc5 13. Qc2 Ng4 14. N2b3 Na4
15. Ba3 c5 16. Nb5 Qe7 17. Rad1 Be5 18. h3 a6 19. hxg4 axb5 20. cxb5 b6 21. f4
Bg7 22. e5 Bxg4 23. Bxa8 Rxa8 24. Qe4 Qa7 25. Qc6 Nc3 26. Rd6 Qxa3 27. Nc1 Nxb5
28. Rd3 Qa6 29. f5 Rc8 30. fxg6 hxg6 31. Qd5 Be6 32. Qf3 Nd4 0-1

[Event "Mercredi 2014.09.03 ABCDE"]
[Site "Montreal CAN"]
[Date "2014.09.17"]
[Round "3"]
[White "Forget, Luc"]
[Black "Cloutier, Mathieu"]
[Result "0-1"]
[WhiteElo "1966"]
[BlackElo "1993"]
[PlyCount "68"]
[EventDate "2014.09.03"]
[EventType "tourn"]
[EventRounds "5"]
[EventCountry "CAN"]

1. d4 Nf6 2. c4 c5 3. d5 e6 4. Nc3 exd5 5. cxd5 d6 6. e4 g6 7. Nf3 Bg7 8. Be2
O-O 9. O-O a6 10. a4 Re8 11. Nd2 Nbd7 12. h3 Rb8 13. a5 b5 14. axb6 Nxb6 15.
Ra3 c4 16. Re1 Qc7 17. Bf1 Nfd7 18. Nf3 Nc5 19. Nd4 Nd3 20. Nc6 Nxe1 21. Nxb8
Qxb8 22. Qxe1 Qc7 23. Be3 Nd7 24. f3 Ne5 25. Qd1 Qe7 26. Ra4 Qb7 27. Qc2 Bd7
28. Ra3 Rb8 29. Nd1 Bb5 30. Nc3 Qe7 31. Nxb5 axb5 32. Ra7 Qh4 33. b3 Qg3 34.
Be2 Nxf3+ 0-1